Central Library OPAC University of Rajshahi

History of mathematics and computer science / (Record no. 54530)

MARC details
000 -LEADER
fixed length control field 00753nam a2200241 a 4500
001 - CONTROL NUMBER
control field 54530
003 - CONTROL NUMBER IDENTIFIER
rucl marc code BD-RjUL
005 - DATE AND TIME OF LATEST TRANSACTION
control field 20211209080132.0
008 - FIXED-LENGTH DATA ELEMENTS--GENERAL INFORMATION
fixed length control field 161107s1995 ii ||||| |||| 00| 0 eng d
035 ## - SYSTEM CONTROL NUMBER
System control number (BD-RjUL)54652
040 ## - CATALOGING SOURCE
Original cataloging agency BD-RjUL
Language of cataloging eng
Transcribing agency BD-RjUL
Modifying agency BD-RjUL
041 ## - LANGUAGE CODE
Language code of text/sound track or separate title eng
082 ## - DEWEY DECIMAL CLASSIFICATION NUMBER
Edition number 23
Classification number 510.9
Author mark and year HIS 1995
245 10 - TITLE STATEMENT
Title History of mathematics and computer science /
Statement of responsibility, etc. G R Chhatwal
260 ## - PUBLICATION, DISTRIBUTION, ETC. (IMPRINT)
Place of publication, distribution, etc. New Delhi :
Name of publisher, distributor, etc. Anmol Publications,
Date of publication, distribution, etc. c1995.
300 ## - PHYSICAL DESCRIPTION
Pagination 620 p. ;
Size 24 cm.
490 ## - SERIES STATEMENT
Series statement Encyclopaedic history of science and technology series.
505 0# - FORMATTED CONTENTS NOTE
Formatted contents note Vol.2
650 ## - SUBJECT ADDED ENTRY--TOPICAL TERM
Topical term or geographic name as entry element mathematics statistics
9 (RLIN) 162890
700 ## - ADDED ENTRY--PERSONAL NAME
Personal name Chhatwal, G R
856 ## - ELECTRONIC LOCATION AND ACCESS
Materials specified Encyclopaedic history of science and technology series.
942 ## - ADDED ENTRY ELEMENTS (KOHA)
Source of classification or shelving scheme Dewey Decimal Classification
Koha item type Books
Holdings
Lost status Source of classification or shelving scheme Damaged status Not for loan Collection code Permanent Location Current Location Shelving location Date acquired Source of acquisition Cost, normal purchase price Total Checkouts Full call number Date last seen Copy number Koha item type
  Dewey Decimal Classification     Non-fiction Central Library, University of Rajshahi Central Library, University of Rajshahi   23/03/2006 Dhaka paragon enterprises ltd. 1500.00   510.9 HIS V-2 1995 07/11/2016 C-2 Books